00925nam a2200229 i 4500001000700000003000900007005001700016007000300033008004100036080005200077100005400129245013900183260003900322300002700361490002700388500004300415700002800458830003500486852003300521999001900554952012200573104887ES-MaACL20230906183722.0t|060522s1966 gw ||||1| fre d a1(081) Leibniz, Gottfried Wilhelm, Freiherr von1 aLeibniz, Gottfried Wilhelm cFreiherr von.97136710aOpuscules et fragments inédits de Leibniz b: extraits des manuscrits de la Bibliothèque Royale de Hanovre / cpar Louis Couturat. aHildesheim : bGeorg Olms, c1966. aXIV, 682 p. ; c24 cm.1 aOlms Paperbacks ; v27 aBiblioteca Jacinto Martínez Lacalle.1 aCouturat, Louis.9413320 aOlms Paperbacks ; v279184860 aES-MaACLjE-11206 bR.138915 c104887d104887 00104070aATENEOMbATENEOMcDEPO2d2008-01-17eSCl0oE-11206p1109501r2023-02-23 00:00:00w2023-02-23yMONOGRAFIA